000 01338nam a2200337 c 4500
003 BLK
005 20180422112851.0
008 180410b bul|||||r ||||||| ||bul||
010 _aKNG00155020000
040 _aBLK
041 _aBUL
_cBUL
080 _a
_b793.4/.9
_x
_z793.4/.9
080 _aИздания за деца и юноши. Книжки-картинки. Читанки. Вж и 372.4
_b087.5
_x
_z087.5
100 1 _aКовачева, Марлен
_eпърви автор
_9330141
700 1 _aКовачева, Марлен
_eхудож.
_9380342
139 _aКовачева, Марлен
_bК 72
245 1 0 _aИграчки за всички със сръчни ръчички
_bКнижка-играчка
_cМарлен Ковачева; худож. Марлен Ковачева.
257 _aBGR
260 София
_bОтечество
_c1986
_fРусе : печ. Дунав
300 _a32 с.
_bс цв. ил.
_c34 см
380 _aDN
500 _a115 117 тир.
650 4 _aДетски игри
_9241574
650 4 _aКниги-игри
_9158798
653 _aкниги-игри
852 _aЦб ІІ 19284
856 4 _qpdf
_u
856 4 _qpdf
_u
942 _cKNG
_n0
944 _aCR
_c27.12.2013
_l27.12.2013 - от С1,Р / 27.12.2013
_kДаниел_Канатов
944 _aED
_c27.12.2013
_l27.12.2013 - от С1,Р / 27.12.2013
_k
999 _c148792
_d148792